Find out about rainforest / (Record no. 9764)

MARC details
000 -LEADER
fixed length control field 01004nam a22002537a 4500
001 - CONTROL NUMBER
control field 9764
003 - CONTROL NUMBER IDENTIFIER
control field FISKH
005 - DATE AND TIME OF LATEST TRANSACTION
control field 20260212115658.0
008 - FIXED-LENGTH DATA ELEMENTS--GENERAL INFORMATION
fixed length control field 260212b cb ||||| |||| 00| 0 eng d
020 ## - INTERNATIONAL STANDARD BOOK NUMBER
International Standard Book Number 9781843227465
040 ## - CATALOGING SOURCE
Original cataloging agency FISKH
Language of cataloging eng
Transcribing agency FISKH
Modifying agency FISKH
082 ## - DEWEY DECIMAL CLASSIFICATION NUMBER
Classification number 590
100 ## - MAIN ENTRY--PERSONAL NAME
Personal name Green , Jen
Relator term Author
245 ## - TITLE STATEMENT
Title Find out about rainforest /
Statement of responsibility, etc. By Jen Green
260 ## - PUBLICATION, DISTRIBUTION, ETC.
Place of publication, distribution, etc. Wigston, Leicestershire, England :
Name of publisher, distributor, etc. Armadillo,
Date of publication, distribution, etc. 2013 .
300 ## - PHYSICAL DESCRIPTION
Extent 64 pages :
Other physical details color illustrations ;
Dimensions 20 X 20 cm .
505 ## - FORMATTED CONTENTS NOTE
Formatted contents note U <br/>
520 ## - SUMMARY, ETC.
Summary, etc. Explore the tallest treetops, investigate the noises of the rainforest canopy, and learn about the mysterious secrets of the rainforest with this exciting book. Easy-to-do projects show how to track animals and plant a mini-jungle, and amazing facts inspire kids to find out more about the natural world<br/>
521 8# - TARGET AUDIENCE NOTE
Target audience note 820 <br/>
Source Lexile <br/>
521 8# - TARGET AUDIENCE NOTE
Target audience note U <br/>
Source Raz-Plus <br/>
700 ## - ADDED ENTRY--PERSONAL NAME
Personal name Sweet , Stephen
Relator term Illustrator
942 ## - ADDED ENTRY ELEMENTS (KOHA)
Source of classification or shelving scheme Dewey Decimal Classification
Koha item type Books
Suppress in OPAC No
Holdings
Withdrawn status Lost status Source of classification or shelving scheme Damaged status Not for loan Collection Home library Current library Shelving location Date acquired Total Checkouts Full call number Barcode Date last seen Date last checked out Price effective from Koha item type
    Dewey Decimal Classification     Non-Fiction Footprints International School Library Network Toul Tom Poung Campus Footprints International School Library Network Toul Tom Poung Campus TTP Secondary Non-Fiction Bookshelves 02/12/2026 1 GRE 590 FISO5333 03/31/2026 03/02/2026 02/12/2026 Books